El lobito Caperucito / (Registro nro. 12581)

Detalles MARC
000 -LIDER
fixed length control field 00985nam a22002897a 4500
003 - IDENTIFICACDOR DE NÚMERO DE CONTROL
control field DO-SdBPM
005 - DATE AND TIME OF LATEST TRANSACTION
control field 20250602121108.0
008 - ELEMENTOS DE LONGITUD FIJA
fixed length control field 170713b 1999 sp | 0 spa d
020 ## - ISBN
International Standard Book Number 8437223539
040 ## - FUENTE DE CATALOGACIÓN
Campo enlazado y núm. de secuencia
Agencia que crea de manera original el registro DO-SdBPM
Idioma de catalogación spa
Agencia que realiza la transcripción BPMSU
082 #4 - NÚMERO DE CLASIFICACIÓN DECIMAL DE DEWEY
Classification number 823.8
Item number A596l 1999
Edition number 22
100 1# - ASIENTO PRINCIPAL -- NOMBRE PERSONAL
Nombre personal Anholt, Laurence
Fechas asociadas con el nombre 1959-
240 ## - TITULO UNIFORME
Título uniforme Litle red riding wolf
Idioma de una obra Español
245 13 - MENCIÓN DE TITULO
Título El lobito Caperucito /
Mención de responsabilidad Laurence Anholt ; ilustrado por Arthur Robins ; traducidución Carlo Frabetti
246 14 - VARIACION DEL TÍTULO
Título propiamente dicho o título corto El lobito caperucito :
Subtítulo historias de siempre contadas como nunca
260 ## - PUBLICACIÓN, DISTRIBUCIÓN, ETC. (PIE DE IMPRENTA)
Lugar de publicación, distribución, etc Madrid :
Nombre del editor, distribuidor, etc. Altea,
Fecha de publicación, distribución, etc 1999
300 ## - DESCRIPCIÓN FÍSICA
Extensión 63 p. :
Otros detalles físicos il. ;
Dimensiones 21 cm.
490 0# - MENCIÓN DE SERIES
Mención de serie Historia de siempre contadas como nunca
590 ## - NOTA LOCAL
Texto de la nota local Inventariado, 2025/VM
600 ## - ENCABEZAMIENTO DE MATERIA--NOMBRE PERSONAL
Fuente del encabezado o término
650 #4 - ENCABEZAMIENTO DE MATERIA--TEMÁTICO
Término temático o nombre geográfico como elemento de entrada Cuentos infantiles ingleses
650 #4 - ENCABEZAMIENTO DE MATERIA--TEMÁTICO
Término temático o nombre geográfico como elemento de entrada Lobos
Subdivisión de forma Cuentos infantiles
700 1# - ASIENTO SECUNDARIO -- NOMBRE PERSONAL
Nombre personal Carlo Frabetti
Mención de responsabilidad traductor
700 1# - ASIENTO SECUNDARIO -- NOMBRE PERSONAL
Nombre personal Robins, Arthur
Mención de responsabilidad ilustrador
910 ## - VALIDACIÓN
Validación VMateo V. Control de calidad. BPMSU
942 ## - ADDED ENTRY ELEMENTS (KOHA)
Source of classification or shelving scheme Dewey Decimal Classification
Koha item type Libros
Existencias
Withdrawn status Lost status Source of classification or shelving scheme Damaged status Not for loan Collection code Home library Current library Date acquired Source of acquisition Total Checkouts Full call number Barcode Date last seen Price effective from Koha item type
    Dewey Decimal Classification     Colección Infantil General Biblioteca Pública Metropolitana Salomé Ureña Biblioteca Pública Metropolitana Salomé Ureña 07/13/2017 Alfaguara   BPMSU CGI 823.8 A596l 1999 BPMSU17070012 07/13/2017 07/13/2017 Libros